American Dad Theme Song Lyrics - Statistics

General Stats
  • This quiz has been taken 3,582 times
    3,298 since last reset
  • The average score is 41 of 46
Answer Stats
Lyrics % Correct
a
99%
a
99%
a
99%
a
99%
i
98%
Good
97%
good
97%
Good
97%
morning
97%
morning
97%
morning
97%
usa,
97%
usa.
97%
usa!
97%
day.
95%
be
94%
he's
94%
its
94%
its
94%
The
94%
the
94%
the
94%
wonderful
94%
feeling
92%
gonna
91%
sun
91%
that
91%
american
90%
sky
90%
got
89%
to
89%
to
89%
face,
87%
in
87%
on
87%
and
86%
smile
86%
race.
82%
has
81%
say
81%
his
79%
salute
78%
Oh
75%
boy
73%
shining
69%
swell
69%
No matching quizzes found
Score Distribution
Percent of People with Each Score
Percentile by Number Answered
Your Score History
You have not taken this quiz since the last reset